| 000 -CABECERA |
| campo de control de longitud fija |
00562nam a2200217 u 4500 |
| 001 - NÚMERO DE CONTROL |
| campo de control |
000039081 |
| 005 - FECHA Y HORA DE LA ÚLTIMA TRANSACCIÓN |
| campo de control |
20200120222331.0 |
| 008 - DATOS DE LONGITUD FIJA--INFORMACIÓN GENERAL |
| campo de control de longitud fija |
100608s2009 cau r 000 0 spa d |
| 020 ## - NÚMERO INTERNACIONAL ESTÁNDAR DEL LIBRO |
| Número Internacional Estándar del Libro |
9786071700124 |
| 043 ## - CÓDIGO DE ÁREA GEOGRÁFICA |
| Código de área geográfica |
n-mx--- |
| 082 04 - NÚMERO DE LA CLASIFICACIÓN DECIMAL DEWEY |
| Número de clasificación |
461 |
| Número de documento/Ítem |
P17 |
| Número de edición |
21 |
| 100 1# - ENTRADA PRINCIPAL--NOMBRE DE PERSONA |
| Nombre de persona |
Pastrana Olvera, Pedro |
| 245 10 - MENCIÓN DE TÍTULO |
| Título |
Gramática y ortografía modernas / |
| Mención de responsabilidad, etc. |
Pedro Pastrana Olvera. |
| 250 ## - MENCIÓN DE EDICIÓN |
| Mención de edición |
1a. ed. |
| 260 ## - PUBLICACIÓN, DISTRIBUCIÓN, ETC. |
| Lugar de publicación, distribución, etc. |
México : |
| Nombre del editor, distribuidor, etc. |
Trillas, |
| Fecha de publicación, distribución, etc. |
2009. |
| 300 ## - DESCRIPCIÓN FÍSICA |
| Extensión |
146 p. : |
| Otras características físicas |
il. |
| 650 17 - PUNTO DE ACCESO ADICIONAL DE MATERIA--TÉRMINO DE MATERIA |
| Término de materia o nombre geográfico como elemento de entrada |
Gramática |
| 650 27 - PUNTO DE ACCESO ADICIONAL DE MATERIA--TÉRMINO DE MATERIA |
| Término de materia o nombre geográfico como elemento de entrada |
Ortografía |
| 650 27 - PUNTO DE ACCESO ADICIONAL DE MATERIA--TÉRMINO DE MATERIA |
| Término de materia o nombre geográfico como elemento de entrada |
Morfología |
| 650 27 - PUNTO DE ACCESO ADICIONAL DE MATERIA--TÉRMINO DE MATERIA |
| Término de materia o nombre geográfico como elemento de entrada |
Semántica |